| 000 | 01505cam a22003615i 4500 | ||
|---|---|---|---|
| 999 |
_c27133 _d27105 |
||
| 001 | 012877427 | ||
| 003 | Uk | ||
| 005 | 20190212160629.0 | ||
| 006 | a||||fr|||| 00| 0 | ||
| 008 | 040506m20042008ilua frb 001 0 eng d | ||
| 015 |
_aGBA4X3611 _2bnb |
||
| 016 | 7 |
_a012877427 _2Uk |
|
| 020 | _a9781850971085 (v. 1) : | ||
| 020 | _a1850971080 (v. 1) : | ||
| 020 | _a9781850971719 (v. 2) | ||
| 020 | _a1850971714 (v. 2) | ||
| 040 |
_aStDuBDS _beng _cUk _dUk _dEG-ScBUE |
||
| 082 | 0 | 4 |
_a617.627 _222 _bFRA |
| 100 | 1 | _aFradeani, Mauro. | |
| 245 | 1 | 0 |
_aEsthetic rehabilitation in fixed prosthodontics / _cMauro Fradeani, Giancarlo Barducci. |
| 264 | 1 |
_aChicago, Illinois : _bQuintessence Pub. Co., _c2008. |
|
| 300 |
_a2 volumes : _billustrations (chiefly col.) ; _c29 cm. + _e1 laboratory checklist (4 pages) |
||
| 336 |
_atext _2rdacontent |
||
| 337 |
_aunmediated _2rdamedia |
||
| 338 |
_avolume _2rdacarrier |
||
| 500 | _aOne folded sheet (4 p.) in pocket attached to inside back cover of vol. 1; 1 folded sheet (4 p.) + 1 sheet in pocket attached to inside back cover of vol. 2. | ||
| 504 | _aIncludes bibliographical references and index. | ||
| 505 | 0 | _av. 1. Esthetic analysis : a systematic approach to prosthetic treatment -- v. 2. Prosthetic treatment : a systematic approach to esthetic, biologic, and functional integration. | |
| 650 | 7 |
_aProsthodontics. _2BUEsh _930625 |
|
| 650 | 7 |
_aDentistry _xAesthetic aspects. _2BUEsh _932104 |
|
| 700 | 1 | _aBarducci, Giancarlo. | |
| 942 |
_2ddc _cBB |
||